|
|
|
|
| LEADER |
00000nas a2200000 a 4500 |
| 001 |
ssj0005263 |
| 003 |
WaSeSS |
| 005 |
20200512172242.0 |
| 006 |
m d |
| 007 |
cr n |
| 008 |
751101d19731993dcumr p s f0 a0eng c |
| 010 |
|
|
|a sc 79004633
|
| 022 |
|
|
|l 0196-8394
|y 0196-8394
|
| 035 |
|
|
|a (WaSeSS)ssj0005263
|
| 040 |
|
|
|a MnMULS
|b eng
|c MnMULS
|d NIC
|d DLC
|d NSDP
|d DGPO
|d NST
|d DGPO
|d NST
|d DGPO
|d NST
|d DGPO
|d MH
|d DGPO
|d InU
|d OCoLC
|d OCLCF
|d WaU
|d WaSeSS
|
| 042 |
|
|
|a pcc
|a nsdp
|
| 043 |
|
|
|a n-us---
|
| 050 |
|
4 |
|a HD6093
|b .W87
|
| 074 |
|
|
|a 0768-F-04
|
| 086 |
0 |
|
|a L 1.20/8:
|
| 210 |
0 |
|
|a Women work
|
| 222 |
|
0 |
|a Women & work
|
| 245 |
0 |
0 |
|a Women & work
|h [electronic resource] :
|b news from the United States Department of Labor, Office of Information, Publications and Reports.
|
| 246 |
3 |
|
|a Women and work
|
| 260 |
|
|
|a Washington, D.C. :
|b The Office,
|c -1993.
|
| 310 |
|
|
|a Monthly
|
| 362 |
0 |
|
|a -Sept. 16, 1993.
|
| 506 |
|
|
|a License restrictions may limit access.
|
| 515 |
|
|
|a None published for Aug. 1993; final issue is notice of discontinuation.
|
| 550 |
|
|
|a Issued by: U.S. Dept. of Labor, Office of Information, Publications, and Reports, <Oct. 1979->; by: U.S. Dept. of Labor, Office of Information and Public Affairs, <Dec. 1988>-1993.
|
| 588 |
|
|
|a Description based on: Oct. 1979; title from caption.
|
| 650 |
|
0 |
|a Women
|x Employment
|z United States
|v Periodicals.
|
| 650 |
|
7 |
|a Women
|x Employment.
|2 fast
|0 (OCoLC)fst01176715
|
| 651 |
|
7 |
|a United States.
|2 fast
|0 (OCoLC)fst01204155
|
| 655 |
|
0 |
|a Electronic journals.
|
| 710 |
1 |
|
|a United States.
|b Department of Labor.
|b Office of Information, Publications, and Reports.
|
| 710 |
1 |
|
|a United States.
|b Department of Labor.
|b Office of Information and Public Affairs.
|
| 850 |
|
|
|a CaOOL
|a CaOWtU
|a InLP
|a MdU-H
|a MH-PA
|a MiDW
|a NCH
|a NIC
|a NN
|a PPD
|a PU-W
|a TxArU
|a TxDaM
|a UPB
|a ViBlbV
|
| 856 |
4 |
0 |
|z Full text available from Research Library: 09/01/1992 to 12/31/1992
|u https://search.proquest.com/publication/6284
|